000 00683nam a2200253 a 4500
003 AR-BaBNM
005 20251128210709.0
008 082120s2002 ||||||||||||||000 | spa||
040 _cAR-BaBNM
100 1 _aNegri, Tomás Alva
245 0 0 _aSalmos
260 _aBuenos Aires
_bFundación Argentina para la Poesía
_c1980
300 _a62 p.
500 _aContiene referencias bibliográficas
650 4 _aLITERATURA ARGENTINA
650 4 _aLITERATURA CONTEMPORANEA
650 4 _aPOESIA
653 _aINFLUENCIA CLASICA
655 _aLITERATURA
700 1 _aVela, Rubén
_edirector
700 1 _aDébole, Carlos Alberto
_edirector
942 _cBK
998 _cMARTIN
999 _c16491
_d16491